000
00292nam a22001217a 4500
008
160520b xxu||||| |||| 00| 0 eng d
020
_a
9781585280902
020
_a
1585280909
041
_a
eng
080
_a
615
245
_a
Manual for pharmacy technicians:
_c
Linda Y. Fred;
942
_2
udc
_c
BK
999
_c
2302
_d
2302